[Event "Panamericano de Ajedrez Sub 20"]
[Site "Cali"]
[Date "2010.05.22"]
[Round "4"]
[Board "2"]
[White "Chumpitaz, Ann"]
[Black "Mendoza Velazquez, Lorena Aleja"]
[Result "1-0"]
[WhiteElo "2047"]
[BlackElo "2063"]
[PlyCount "118"]
[EventDate "2010.05.20"]
[EventRounds "9"]
[EventCountry "COL"]

1.d4 Nf6 2.c4 c5 3.d5 e6 4.Nc3 exd5 5.cxd5 d6 6.e4 g6 7.Nf3 Bg7 8.Bd3 O-O 9.O-O
Bg4 10.h3 Bxf3 11.Qxf3 Nbd7 12.Qd1 a6 13.a4 Qc7 14.Re1 Rfe8 15.Be3 Rab8 16.b3
Ng4 17.Bd2 Nge5 18.Bf1 Nb6 19.f4 Ned7 20.Rc1 Nc8 21.Nb1 b5 22.axb5 axb5 23.Bc3
b4 24.Bxg7 Kxg7 25.Nd2 f6 26.Qg4 Nf8 27.Qg3 Nb6 28.Bd3 Nfd7 29.Nf3 Re7 30.Qf2
Rbe8 31.Qb2 Kg8 32.Bb1 f5 33.exf5 Rxe1+ 34.Rxe1 Rxe1+ 35.Nxe1 Nxd5 36.fxg6 hxg6
37.Qd2 Ne7 38.Qe3 Nf6 39.Nf3 Qd7 40.Nh4 Nf5 41.Bxf5 gxf5 42.Qg3+ Kf8 43.Qg6 Ne4
44.Nxf5 d5 45.Qh6+ Kg8 46.Qg6+ Kf8 47.Nh6 Qg7 48.Qf5+ Nf6 49.Ng4 Kf7 50.Nxf6
Qxf6 51.Qxd5+ Kg7 52.Qxc5 Qxf4 53.Qc2 Qd4+ 54.Kf1 Qa1+ 55.Ke2 Qe5+ 56.Kf3 Qf6+
57.Ke3 Qg5+ 58.Kf2 Qf6+ 59.Kg1 Qa1+  1-0

[Event "Panamericano de Ajedrez Sub 20"]
[Site "Cali"]
[Date "2010.05.22"]
[Round "4"]
[Board "3"]
[White "Pachon, Adriana"]
[Black "Orozco, Lina Yomayra"]
[Result "0-1"]
[WhiteElo "1940"]
[BlackElo "2081"]
[PlyCount "83"]
[EventDate "2010.05.20"]
[EventRounds "9"]
[EventCountry "COL"]

1.e4 c5 2.c3 d5 3.exd5 Qxd5 4.d4 Nf6 5.Nf3 Bg4 6.Be2 e6 7.O-O Nc6 8.Be3 cxd4
9.cxd4 a6 10.Nc3 Qd6 11.Qb3 Qb4 12.Qxb4 Bxb4 13.h3 Bh5 14.Na4 O-O 15.Nb6 Rad8
16.a3 Ba5 17.Nc4 Bc7 18.g4 Bg6 19.Nce5 Be4 20.Nxc6 Bxc6 21.Ne5 Bd5 22.Rac1 Bb6
23.Bc4 Ne4 24.f3 Nd2 25.Rf2 Nxc4 26.Nxc4 Ba7 27.Kg2 Rc8 28.Rfc2 Rfd8 29.Na5
Rxc2+ 30.Rxc2 e5 31.Bd2 Bxd4 32.Bb4 e4 33.f4 f6 34.Kf1 e3 35.Ke2 Be4 36.Rc4 Bg2
37.Rc7 Bxh3 38.Nxb7 Bxg4+ 39.Kf1 e2+ 40.Ke1 Rb8 41.f5 Bxb2 42.Nd6  0-1

[Event "Panamericano de Ajedrez Sub 20"]
[Site "Cali"]
[Date "2010.05.22"]
[Round "4"]
[Board "4"]
[White "Romero Echeverria, Abigail"]
[Black "Orejuela Chango, Paulina"]
[Result "1/2-1/2"]
[WhiteElo "2054"]
[BlackElo "1982"]
[PlyCount "39"]
[EventDate "2010.05.20"]
[EventRounds "9"]
[EventCountry "COL"]

1.e4 e5 2.Nf3 Nc6 3.d4 exd4 4.Nxd4 Bc5 5.Nb3 Bb6 6.Qe2 d6 7.Be3 Nf6 8.Nc3 Be6
9.O-O-O Qd7 10.f3 Bxe3+ 11.Qxe3 Bxb3 12.axb3 O-O-O 13.Nd5 Kb8 14.Bb5 Nxd5
15.Rxd5 a6 16.Bxc6 Qxc6 17.Rhd1 Rde8 18.Qd4 f6 19.b4 Re5 20.h3  1/2-1/2

[Event "Panamericano de Ajedrez Sub 20"]
[Site "Cali"]
[Date "2010.05.22"]
[Round "4"]
[Board "5"]
[White "Cordero, Daniela"]
[Black "Castrillon Gomez, Melissa"]
[Result "0-1"]
[WhiteElo "1996"]
[BlackElo "2051"]
[PlyCount "60"]
[EventDate "2010.05.20"]
[EventRounds "9"]
[EventCountry "COL"]

1.d4 Nf6 2.Nf3 g6 3.g3 Bg7 4.c4 O-O 5.Bg2 d6 6.O-O Nc6 7.d5 Na5 8.Nbd2 c5 9.a3
b5 10.Qc2 bxc4 11.Nxc4 Nxd5 12.Ng5 e6 13.e4 Ne7 14.Rd1 Nxc4 15.Qxc4 Nc6 16.Bf4
Ne5 17.Qe2 Rb8 18.Rd2 Qb6 19.Bxe5 Bxe5 20.Qg4 c4 21.Qh4 h5 22.g4 f6 23.Nf3 c3
24.Nxe5 cxd2 25.Nxg6 Qxb2 26.Rd1 Qc2 27.Bf3 Rb1 28.Rxb1 Qxb1+ 29.Kg2 d1=Q
30.Ne7+ Kf7  0-1

[Event "Panamericano de Ajedrez Sub 20"]
[Site "Cali"]
[Date "2010.05.22"]
[Round "4"]
[Board "7"]
[White "Mencos, Claudia"]
[Black "Rodriguez, Sofia"]
[Result "0-1"]
[WhiteElo "1925"]
[BlackElo "1929"]
[PlyCount "60"]
[EventDate "2010.05.20"]
[EventRounds "9"]
[EventCountry "COL"]

1.e4 c5 2.Nf3 d6 3.d4 cxd4 4.Nxd4 Nf6 5.Nc3 a6 6.Be2 e5 7.Nb3 Be7 8.O-O Be6 9.f4
exf4 10.Bxf4 O-O 11.Kh1 Nc6 12.Qe1 b5 13.a3 Ne5 14.Nd4 Bd7 15.Rd1 Qc7 16.Qg3
Rac8 17.Bg5 Ng6 18.Nf5 Bxf5 19.Rxf5 Rfd8 20.Bd3 h6 21.Bxf6 Bxf6 22.Nd5 Bh4
23.Qh3 Qb7 24.Rdf1 Rf8 25.Ne3 Bg5 26.Nd5 Ne7 27.Rxg5 hxg5 28.e5 Ng6 29.Nf6+ gxf6
30.exf6 Nh4  0-1

[Event "Panamericano de Ajedrez Sub 20"]
[Site "Cali"]
[Date "2010.05.22"]
[Round "4"]
[Board "12"]
[White "Garcia, Linda Alexandra"]
[Black "Chavez, Diana Maria"]
[Result "1-0"]
[WhiteElo "1612"]
[BlackElo "1834"]
[PlyCount "38"]
[EventDate "2010.05.20"]
[EventRounds "9"]
[EventCountry "COL"]

1.e4 c5 2.f4 g6 3.Nf3 Bg7 4.Nc3 Nc6 5.Bb5 Nd4 6.Nxd4 cxd4 7.Ne2 a6 8.Ba4 b5
9.Bb3 Bb7 10.d3 e6 11.O-O Ne7 12.Qe1 O-O 13.g4 Qc7 14.Rf3 a5 15.Qh4 d6 16.Rh3
Rfc8 17.Qxh7+ Kf8 18.a4 b4 19.f5 gxf5  1-0

[Event "Panamericano de Ajedrez Sub 20"]
[Site "Cali"]
[Date "2010.05.23"]
[Round "5"]
[Board "1"]
[White "Salazar, Aura Cristina"]
[Black "Chumpitaz, Ann"]
[Result "1-0"]
[WhiteElo "2135"]
[BlackElo "2047"]
[PlyCount "65"]
[EventDate "2010.05.20"]
[EventRounds "9"]
[EventCountry "COL"]

1.e4 c5 2.Nf3 e6 3.d4 cxd4 4.Nxd4 Nc6 5.Nb5 d6 6.c4 a6 7.N5c3 Nf6 8.Na3 Be7
9.Be2 O-O 10.O-O b6 11.Be3 Rb8 12.Qc2 Nb4 13.Qb3 d5 14.cxd5 exd5 15.exd5 Nfxd5
16.Rfd1 Be6 17.Bc4 Bd6 18.Nxd5 b5 19.Nf6+ Qxf6 20.Bxe6 Rbd8 21.Bh3 Nc6 22.Nc2
Ne5 23.Nd4 Nc4 24.Nf5 Be5 25.Bc5 Rxd1+ 26.Rxd1 Re8 27.Ne7+ Kh8 28.Qd3 h5 29.Qd7
Ra8 30.b3 Nb2 31.Re1 Bc3 32.Re3 Ba5 33.Qd5  1-0

[Event "Panamericano de Ajedrez Sub 20"]
[Site "Cali"]
[Date "2010.05.23"]
[Round "5"]
[Board "2"]
[White "Mendoza Velazquez, Lorena Aleja"]
[Black "Chirivi C, Jenny Astrid"]
[Result "1/2-1/2"]
[WhiteElo "2063"]
[BlackElo "2169"]
[PlyCount "91"]
[EventDate "2010.05.20"]
[EventRounds "9"]
[EventCountry "COL"]

1.d4 Nf6 2.Nf3 e6 3.g3 b5 4.Bg2 Bb7 5.O-O c5 6.c3 Na6 7.Nbd2 Be7 8.Re1 cxd4
9.cxd4 Rc8 10.a3 O-O 11.Nb3 Be4 12.Qd2 Rc2 13.Qa5 Qxa5 14.Nxa5 Rfc8 15.Ne5 Bxg2
16.Kxg2 b4 17.Nd3 bxa3 18.bxa3 h6 19.Rb1 R2c3 20.Rb3 Rxb3 21.Nxb3 Rc3 22.Nd2 Rc7
23.Nb1 Ne4 24.Bb2 Nd6 25.Rc1 Rxc1 26.Bxc1 Nc4 27.Ne5 Nb6 28.Nc3 Nb8 29.e3 a6
30.Kf1 f6 31.Nd3 Nc4 32.Nb4 d5 33.Ke2 a5 34.Nc2 Nd7 35.Na4 Kf7 36.Kd3 Nd6 37.f3
e5 38.Nc3 Ke6 39.e4 dxe4+ 40.fxe4 exd4 41.Nxd4+ Kf7 42.Nc6 Nc5+ 43.Ke3 Nb3
44.Nxe7 Kxe7 45.Nd5+ Kd7 46.Bb2  1/2-1/2

[Event "Panamericano de Ajedrez Sub 20"]
[Site "Cali"]
[Date "2010.05.23"]
[Round "5"]
[Board "3"]
[White "Orozco, Lina Yomayra"]
[Black "Castrillon Gomez, Melissa"]
[Result "0-1"]
[WhiteElo "2081"]
[BlackElo "2051"]
[PlyCount "72"]
[EventDate "2010.05.20"]
[EventRounds "9"]
[EventCountry "COL"]

1.e4 c5 2.Nf3 d6 3.d4 Nf6 4.Nc3 cxd4 5.Nxd4 a6 6.g3 e5 7.Nb3 b5 8.Bg2 Bb7 9.a3
Be7 10.O-O O-O 11.Re1 Nbd7 12.Nd2 Bc6 13.Nf1 a5 14.Ne3 Nc5 15.Nf5 b4 16.Nd5 Nxd5
17.exd5 Bb7 18.Qg4 Bf6 19.axb4 axb4 20.Rxa8 Qxa8 21.Nxg7 Kh8 22.Nh5 Qd8 23.Qf5
Bg7 24.Bh6 Bxh6 25.Nf6 Kg7 26.Nh5+ Kh8 27.Nf6 Kg7 28.Re4 Rh8 29.Rg4+ Kf8
30.Nxh7+ Ke8 31.Qh5 Bc8 32.Qxh6 Bxg4 33.Qg7 Rxh7 34.Qxh7 Qa5 35.h4 Qa6 36.Qh8+
Ke7  0-1

[Event "Panamericano de Ajedrez Sub 20"]
[Site "Cali"]
[Date "2010.05.23"]
[Round "5"]
[Board "4"]
[White "Ramirez, Heimy Polgar"]
[Black "Romero Echeverria, Abigail"]
[Result "0-1"]
[WhiteElo "2027"]
[BlackElo "2054"]
[PlyCount "86"]
[EventDate "2010.05.20"]
[EventRounds "9"]
[EventCountry "COL"]

1.d4 Nf6 2.c4 g6 3.Nc3 d5 4.Qb3 dxc4 5.Qxc4 Bg7 6.e4 O-O 7.Nf3 Na6 8.Be2 c5
9.dxc5 Be6 10.Qb5 Rc8 11.Be3 Qc7 12.Rc1 Bd7 13.Qc4 Nxc5 14.e5 Ng4 15.Nd5 Nxe3
16.fxe3 Qd8 17.O-O Be6 18.Rcd1 Bxd5 19.Rxd5 Qb6 20.b3 Ne6 21.Qe4 Rc3 22.Nd4 Bh6
23.Nxe6 Bxe3+ 24.Kh1 Qxe6 25.Bc4 Qb6 26.Rd7 e6 27.Rxb7 Qd4 28.Qxd4 Bxd4 29.Re1
a5 30.g3 a4 31.Rd7 Bb6 32.Rf1 axb3 33.axb3 Rc2 34.Rf3 Ba5 35.h3 Bb4 36.Rfd3 Ba3
37.Rb7 Bb2 38.Rb5 Ra8 39.Rf3 Ra7 40.Rf1 Bd4 41.Bd3 Rd2 42.Be4 Raa2 43.Rb8+ Kg7  0-1

[Event "Panamericano de Ajedrez Sub 20"]
[Site "Cali"]
[Date "2010.05.23"]
[Round "5"]
[Board "5"]
[White "Orejuela Chango, Paulina"]
[Black "Rodriguez, Sofia"]
[Result "1/2-1/2"]
[WhiteElo "1982"]
[BlackElo "1929"]
[PlyCount "134"]
[EventDate "2010.05.20"]
[EventRounds "9"]
[EventCountry "COL"]

1.e4 c5 2.c3 Nf6 3.e5 Nd5 4.d4 cxd4 5.cxd4 d6 6.Bc4 Nb6 7.Bb5+ Bd7 8.e6 Bxb5
9.Qh5 g6 10.Qxb5+ Nc6 11.exf7+ Kxf7 12.Nf3 h6 13.d5 Ne5 14.Nxe5+ dxe5 15.Nc3 Bg7
16.Be3 Rf8 17.O-O Kg8 18.Bxb6 Qxb6 19.Qxb6 axb6 20.Nb5 Ra5 21.a4 e4 22.Rfe1 Rfa8
23.Nc7 Rc8 24.Ne6 Bf6 25.Rxe4 Rxd5 26.Nf4 Rdc5 27.Nxg6 Kf7 28.Nf4 Rc1+ 29.Re1
Bxb2 30.Raxc1 Rxc1 31.Rxc1 Bxc1 32.Nd5 Ke6 33.Nxb6 Kd6 34.Kf1 Kc5 35.Nd7+ Kb4
36.g4 Bf4 37.h4 b5 38.axb5 Kxb5 39.Nf8 Bc1 40.Ng6 e6 41.Ke2 Kc6 42.f4 Kd7 43.Kf3
Ke8 44.Ke4 Kf7 45.Ne5+ Kf6 46.Nc4 Kg6 47.Ke5 Kf7 48.Nd6+ Kg6 49.h5+ Kg7 50.Nc4
Kf7 51.Ke4 Kf6 52.Ne3 Bd2 53.Nc2 Bc1 54.Nd4 Bb2 55.Ne2 Ba3 56.Kf3 Bc5 57.Ng3 Bb6
58.Ne4+ Kf7 59.g5 hxg5 60.fxg5 Kg7 61.Kg4 Be3 62.Nf6 Bd2 63.h6+ Kg6 64.h7 Kg7
65.g6 Bc3 66.Ne4 Kxg6 67.Nxc3 Kxh7  1/2-1/2

[Event "Panamericano de Ajedrez Sub 20"]
[Site "Cali"]
[Date "2010.05.23"]
[Round "5"]
[Board "6"]
[White "Heredia Serrano, Carla"]
[Black "Pachon, Adriana"]
[Result "1-0"]
[WhiteElo "2095"]
[BlackElo "1940"]
[PlyCount "104"]
[EventDate "2010.05.20"]
[EventRounds "9"]
[EventCountry "COL"]

1.e4 e5 2.Nf3 Nc6 3.Bc4 Bc5 4.b4 Bxb4 5.c3 Be7 6.d4 Na5 7.Be2 d6 8.Qa4+ c6
9.dxe5 dxe5 10.Nxe5 Nf6 11.O-O b5 12.Qc2 Qc7 13.Nf3 O-O 14.a4 a6 15.Bg5 Bg4
16.Nbd2 Nb7 17.c4 b4 18.e5 Bxf3 19.exf6 Bxf6 20.Bxf6 Bxe2 21.Rfe1 Bh5 22.Be7 Bg6
23.Qb2 Rfe8 24.Bxb4 a5 25.Bc3 f6 26.Bd4 Rab8 27.Qc3 Rbd8 28.c5 Qd7 29.Rxe8+ Rxe8
30.Be3 Re5 31.h3 Rd5 32.Ra3 Nxc5 33.Bxc5 Rxd2 34.Qxa5 h6 35.Qa7 Qd5 36.Rg3 Qf5
37.Qb8+ Kh7 38.Be3 Rd7 39.a5 Qxa5 40.Qe8 Qd5 41.Qb8 c5 42.Kh2 c4 43.Qc8 Qd3
44.Bxh6 Qd6 45.Be3 Rc7 46.Qg4 Bd3 47.Bf4 Qd7 48.Bxc7 Qxc7 49.f4 Qe7 50.Qh5+ Kg8
51.Qd5+ Kf8 52.Qa8+ Kf7  1-0

[Event "Panamericano de Ajedrez Sub 20"]
[Site "Cali"]
[Date "2010.05.23"]
[Round "5"]
[Board "7"]
[White "Salazar Loor, Sara"]
[Black "Rodriguez Rueda, Paula Andrea"]
[Result "1/2-1/2"]
[WhiteElo "1979"]
[BlackElo "2076"]
[PlyCount "96"]
[EventDate "2010.05.20"]
[EventRounds "9"]
[EventCountry "COL"]

1.e4 c5 2.Nf3 d6 3.d4 cxd4 4.Nxd4 Nf6 5.Nc3 a6 6.Be3 e6 7.f3 b5 8.Qd2 Nbd7 9.g4
h6 10.O-O-O Bb7 11.Kb1 d5 12.exd5 Nxd5 13.Nxd5 Bxd5 14.Bg2 Nb6 15.b3 Rc8 16.Qf2
Nd7 17.h4 Qc7 18.Rhe1 Bb4 19.Bd2 Bc5 20.Be3 O-O 21.g5 h5 22.Nf5 Bb4 23.Re2 Bxb3
24.Nh6+ gxh6 25.cxb3 hxg5 26.Bxg5 Nb6 27.f4 f6 28.Bh6 Qh7+ 29.Be4 Qxh6 30.Qxb6
Qxf4 31.Qxe6+ Kh8 32.Qd7 Rc7 33.Qd5 Qh6 34.Rg2 Re8 35.Rc2 Rxc2 36.Bxc2 Rg8
37.Qc6 Ba3 38.Qxa6 b4 39.Qd3 Rc8 40.Rg1 Rf8 41.Qf5 Rg8 42.Rxg8+ Kxg8 43.Qg6+
Qxg6 44.Bxg6 Kg7 45.Bxh5 Kh6 46.Bf3 Kg6 47.Kc2 f5 48.Kd3 f4  1/2-1/2

[Event "Panamericano de Ajedrez Sub 20"]
[Site "Cali"]
[Date "2010.05.23"]
[Round "5"]
[Board "8"]
[White "Mesa, Brenda Sofia"]
[Black "Cordero, Daniela"]
[Result "0-1"]
[WhiteElo "1829"]
[BlackElo "1996"]
[PlyCount "90"]
[EventDate "2010.05.20"]
[EventRounds "9"]
[EventCountry "COL"]

1.e4 e6 2.d4 d5 3.e5 c5 4.c3 Nc6 5.Nf3 Nge7 6.Bd3 cxd4 7.cxd4 Nf5 8.Bxf5 exf5
9.O-O Be7 10.Nc3 Be6 11.Bf4 g5 12.Bc1 Rg8 13.Kh1 Qd7 14.a3 f4 15.b4 Rg6 16.Bb2
g4 17.Ne1 g3 18.fxg3 fxg3 19.Qf3 Nxd4 20.Qe3 Nf5 21.Qf3 Nh4 22.Qe2 a6 23.Nd3
gxh2 24.Rf2 Nf5 25.Qf3 Ng3+ 26.Kxh2 Rh6+ 27.Kxg3 Bh4+ 28.Kf4 Qd8 29.Ke3 d4+
30.Ke2 dxc3 31.Bxc3 Bxf2 32.Qxf2 Bg4+ 33.Kd2 Rc6 34.Qg3 Qg5+ 35.Kc2 Bd1+ 36.Rxd1
Qxg3 37.Kb2 Rac8 38.Nc5 b6 39.Ne4 Qxg2+ 40.Nd2 Rxc3 41.a4 Rc2+ 42.Kb1 Rxd2
43.Re1 Rb2+ 44.Ka1 Ra2+ 45.Kb1 Qb2#  0-1

[Event "Panamericano de Ajedrez Sub 20"]
[Site "Cali"]
[Date "2010.05.23"]
[Round "6"]
[Board "1"]
[White "Castrillon Gomez, Melissa"]
[Black "Salazar, Aura Cristina"]
[Result "0-1"]
[WhiteElo "2051"]
[BlackElo "2135"]
[PlyCount "118"]
[EventDate "2010.05.20"]
[EventRounds "9"]
[EventCountry "COL"]

1.e4 c5 2.Nf3 Nc6 3.d4 cxd4 4.Nxd4 g6 5.Nc3 Bg7 6.Be3 Nf6 7.Bc4 O-O 8.Bb3 a5
9.f3 d6 10.O-O Bd7 11.a4 Nxd4 12.Bxd4 Bc6 13.Qd2 Nd7 14.Bxg7 Kxg7 15.Qd4+ Kg8
16.Bd5 Qb6 17.Qxb6 Nxb6 18.Bxc6 bxc6 19.b3 Rfd8 20.Rfe1 e6 21.Rad1 Rac8 22.Rd2
Kf8 23.Red1 d5 24.Kf2 Ke7 25.e5 f6 26.exf6+ Kxf6 27.Ne4+ Kg7 28.Nc5 Re8 29.Re2
Kf6 30.Rde1 e5 31.Nd3 Nd7 32.b4 axb4 33.Nxb4 Nb6 34.a5 c5 35.Nd3 Nd7 36.Nf4 d4
37.Nd5+ Ke6 38.Nb6 Rc6 39.Nxd7 Kxd7 40.Rxe5 Rxe5 41.Rxe5 Kd6 42.Re1 Ra6 43.Ra1
Kd5 44.Ke2 c4 45.Kd2 Kc5 46.f4 h5 47.Ke2 Kb4 48.Kf3 Rxa5 49.Rxa5 Kxa5 50.Ke4 d3
51.Ke3 dxc2 52.Kd2 Kb5 53.Kxc2 Kc6 54.Kc3 Kc5 55.g3 Kd5 56.h3 Ke4 57.Kxc4 Kf3
58.Kd5 Kxg3 59.Ke5 h4  0-1

[Event "Panamericano de Ajedrez Sub 20"]
[Site "Cali"]
[Date "2010.05.23"]
[Round "6"]
[Board "2"]
[White "Chirivi C, Jenny Astrid"]
[Black "Chumpitaz, Ann"]
[Result "0-1"]
[WhiteElo "2169"]
[BlackElo "2047"]
[PlyCount "96"]
[EventDate "2010.05.20"]
[EventRounds "9"]
[EventCountry "COL"]

1.d4 e6 2.c4 f5 3.Nf3 Nf6 4.Nc3 Bb4 5.Qc2 O-O 6.a3 Bxc3+ 7.Qxc3 Ne4 8.Qc2 b6
9.h4 c5 10.dxc5 bxc5 11.Ng5 Bb7 12.Nxe4 fxe4 13.Bg5 Qc7 14.Rd1 d5 15.cxd5 exd5
16.Rh3 h6 17.Be3 Na6 18.g3 d4 19.Qc4+ Kh8 20.Bf4 Qb6 21.Rd2 Rad8 22.Rh2 Bd5
23.Qc1 Nb8 24.e3 d3 25.Qc3 Kg8 26.f3 Rxf4 27.gxf4 c4 28.Rhg2 Rd7 29.fxe4 Qxe3+
30.Rde2 Qxf4 31.exd5 dxe2 32.Bxe2 Qxh4+ 33.Kf1 Qh1+ 34.Kf2 Rf7+ 35.Bf3 Qh4+
36.Kg1 Nd7 37.d6 Nb6 38.Qe3 Qf6 39.Be2 Qxd6 40.Qe8+ Rf8 41.Qe4 Rf4 42.Qe8+ Kh7
43.Bg4 Qd4+ 44.Kh2 Rxg4 45.Rxg4 Qxg4 46.Qe1 Nd5 47.Qb1+ Kh8 48.Qe1 Qf4+  0-1

[Event "Panamericano de Ajedrez Sub 20"]
[Site "Cali"]
[Date "2010.05.23"]
[Round "6"]
[Board "3"]
[White "Romero Echeverria, Abigail"]
[Black "Mendoza Velazquez, Lorena Aleja"]
[Result "1/2-1/2"]
[WhiteElo "2054"]
[BlackElo "2063"]
[PlyCount "54"]
[EventDate "2010.05.20"]
[EventRounds "9"]
[EventCountry "COL"]

1.e4 c5 2.c3 d6 3.d4 Nc6 4.h3 Nf6 5.Nf3 g6 6.Bd3 Bg7 7.O-O O-O 8.d5 Nb8 9.Re1 a6
10.a4 e5 11.Na3 Qc7 12.Be3 Nbd7 13.b4 b6 14.b5 Re8 15.Nd2 a5 16.Nac4 Nh5 17.g3
Nf8 18.Kg2 h6 19.Rc1 Qd8 20.Be2 Nf6 21.Bf1 g5 22.Kg1 Ng6 23.Bg2 Ra7 24.Nf1 Rae7
25.Bd2 Kh7 26.Nh2 Qc7 27.Qc2 Kg8  1/2-1/2

[Event "Panamericano de Ajedrez Sub 20"]
[Site "Cali"]
[Date "2010.05.23"]
[Round "6"]
[Board "4"]
[White "Cordero, Daniela"]
[Black "Heredia Serrano, Carla"]
[Result "1/2-1/2"]
[WhiteElo "1996"]
[BlackElo "2095"]
[PlyCount "120"]
[EventDate "2010.05.20"]
[EventRounds "9"]
[EventCountry "COL"]

1.d4 d6 2.Nf3 g6 3.c4 Bg7 4.g3 Nd7 5.Bg2 e5 6.e4 Ne7 7.O-O O-O 8.Nc3 exd4 9.Nxd4
Nc6 10.Nxc6 bxc6 11.Qc2 Ne5 12.c5 Qf6 13.f4 Nc4 14.Ne2 Na3 15.Qd3 Nb5 16.Rd1 Ba6
17.Qf3 dxc5 18.a4 Nd4 19.Nxd4 cxd4 20.e5 Qd8 21.Qxc6 Be2 22.Rd2 d3 23.Qc4 c6
24.Be4 Qb6+ 25.Kg2 Rad8 26.Bxd3 Bg4 27.Ra3 Be6 28.Qc2 f6 29.Bc4 Rd5 30.Bxd5 cxd5
31.exf6 Bxf6 32.a5 Qd8 33.Re3 Bf5 34.Qc6 d4 35.Re1 Kg7 36.b4 Bd7 37.Qf3 Qc8
38.Kg1 Bc6 39.Qf2 Qd7 40.Bb2 Qd5 41.Qg2 Qxg2+ 42.Rxg2 Bxg2 43.Kxg2 Rc8 44.Kf3
Rc2 45.Re2 Rc4 46.b5 Rb4 47.b6 axb6 48.axb6 Rxb6 49.Rd2 Rb3+ 50.Ke4 Re3+ 51.Kd5
d3 52.Bxf6+ Kxf6 53.Kd4 Re2 54.Kxd3 Re6 55.Ra2 Kf5 56.h3 Rb6 57.Ra5+ Kf6 58.Rc5
Rb4 59.Rc3 h5 60.Ke3 Rb1  1/2-1/2

[Event "Panamericano de Ajedrez Sub 20"]
[Site "Cali"]
[Date "2010.05.23"]
[Round "6"]
[Board "5"]
[White "Orejuela Chango, Paulina"]
[Black "Orozco, Lina Yomayra"]
[Result "0-1"]
[WhiteElo "1982"]
[BlackElo "2081"]
[PlyCount "150"]
[EventDate "2010.05.20"]
[EventRounds "9"]
[EventCountry "COL"]

1.e4 c5 2.c3 d5 3.exd5 Qxd5 4.d4 Nf6 5.Nf3 Bg4 6.Be2 e6 7.O-O Nc6 8.Na3 cxd4
9.Nb5 Qd8 10.Nbxd4 Bxf3 11.Nxf3 Be7 12.Bf4 Nd5 13.Bg3 O-O 14.Re1 Qb6 15.Qd2 Rfd8
16.Bd3 Rac8 17.Qe2 Qa5 18.Ne5 Nxe5 19.Bxe5 Nf6 20.Bd4 b6 21.Qf3 Rc7 22.Re5 Rd5
23.b4 Qa4 24.Rxd5 exd5 25.Be5 Rc8 26.Qf5 Qc6 27.Bxf6 Bxf6 28.Qxh7+ Kf8 29.Qh8+
Ke7 30.Re1+ Kd6 31.Qh3 Qxc3 32.Qe3 Qd4 33.Qe2 Qxb4 34.h3 Qb2 35.Qg4 Qc3 36.Rd1
Re8 37.Be4 Re5 38.Kh2 Rg5 39.Qe2 d4 40.Bf3 Qc5 41.g3 Re5 42.Qa6 Re7 43.Qa4 Qc3
44.Kg2 Rc7 45.Qb5 Qc5 46.Qe8 Qe5 47.Qf8+ Qe7 48.Qa8 Qd8 49.Qe4 Rc5 50.Qb7 Qc7
51.Qa8 Ke7 52.Qe4+ Kf8 53.Qa8+ Qc8 54.Qxa7 b5 55.Qb6 Qc7 56.Qxc7 Rxc7 57.Bd5 Ke7
58.Bb3 Kd6 59.Rd3 Kc5 60.Kf3 Re7 61.Rd2 Kb4 62.Re2 Rd7 63.Ke4 d3 64.Rd2 Kc3
65.Rd1 Re7+ 66.Kf4 d2 67.Kf3 b4 68.g4 Kd3 69.Kg3 Bd4 70.f4 Re3+ 71.Kg2 f6 72.f5
Ke2 73.Rb1 Rxb3 74.axb3 d1=Q 75.Rxd1 Kxd1  0-1

[Event "Panamericano de Ajedrez Sub 20"]
[Site "Cali"]
[Date "2010.05.23"]
[Round "6"]
[Board "6"]
[White "Rodriguez, Sofia"]
[Black "Ramirez, Heimy Polgar"]
[Result "0-1"]
[WhiteElo "1929"]
[BlackElo "2027"]
[PlyCount "104"]
[EventDate "2010.05.20"]
[EventRounds "9"]
[EventCountry "COL"]

1.e4 c5 2.Nf3 d6 3.d4 cxd4 4.Nxd4 Nf6 5.Nc3 g6 6.Be3 Bg7 7.Bc4 Ng4 8.Bb5+ Kf8
9.O-O Be5 10.h3 Nxe3 11.fxe3 Kg7 12.Rf3 Nd7 13.Qf1 Nf6 14.Qf2 Rf8 15.Rf1 Bd7
16.Bc4 Qc8 17.Bb3 Be6 18.Nd5 Nxe4 19.Nxe7 Nxf2 20.Nxc8 Bxb3 21.axb3 Nxh3+
22.Rxh3 Raxc8 23.c3 Rfe8 24.Rhf3 Re7 25.Rd1 a6 26.Rf2 Rce8 27.Re2 Bxd4 28.Rxd4
Rxe3 29.Rxe3 Rxe3 30.Rxd6 Re2 31.Rb6 Rxb2 32.Rxb7 a5 33.b4 axb4 34.cxb4 h5
35.Kh2 Kf6 36.b5 Ke6 37.b6 f6 38.Kg3 Kf5 39.Kf3 Rb3+ 40.Kf2 g5 41.Rb8 Kg4 42.b7
f5 43.Kf1 f4 44.Kf2 f3 45.gxf3+ Rxf3+ 46.Kg2 Rb3 47.Kh2 h4 48.Kg2 Rb2+ 49.Kg1
Kg3 50.Kf1 g4 51.Rd8 Rb1+ 52.Ke2 Rxb7  0-1

[Event "Panamericano de Ajedrez Sub 20"]
[Site "Cali"]
[Date "2010.05.23"]
[Round "6"]
[Board "7"]
[White "Rodriguez Rueda, Paula Andrea"]
[Black "Mesa, Brenda Sofia"]
[Result "1-0"]
[WhiteElo "2076"]
[BlackElo "1829"]
[PlyCount "141"]
[EventDate "2010.05.20"]
[EventRounds "9"]
[EventCountry "COL"]

1.d4 Nf6 2.Nf3 g6 3.g3 Bg7 4.Bg2 d6 5.O-O O-O 6.c4 Bf5 7.Nc3 Nbd7 8.Nh4 Nb6
9.Nxf5 gxf5 10.Qd3 Qc8 11.c5 dxc5 12.dxc5 Nbd7 13.Qxf5 c6 14.e4 Qc7 15.Bf4 e5
16.Be3 Rfe8 17.g4 Nf8 18.g5 N6d7 19.h4 Qd8 20.b4 a6 21.Rad1 Qe7 22.Ne2 Rad8
23.Ng3 Qe6 24.Qxe6 Nxe6 25.Nf5 Ndf8 26.h5 Nc7 27.Rxd8 Rxd8 28.h6 Nfe6 29.hxg7
Nxg7 30.Nxg7 Kxg7 31.a4 Rd3 32.Bf3 Rb3 33.Kg2 Rxb4 34.Ra1 Ne6 35.Kf1 Rc4 36.Rb1
Nd8 37.Rd1 Ne6 38.Rd7 Kg6 39.Rxb7 Rxa4 40.Rb6 Nd8 41.Bd1 Ra5 42.Rb8 Ne6 43.Rg8+
Ng7 44.Rc8 Ra3 45.Rxc6+ Ne6 46.Bg4 a5 47.Bxe6 fxe6 48.Rxe6+ Kf7 49.Ra6 a4 50.c6
Rc3 51.Rxa4 Rxc6 52.Ra7+ Kg6 53.Re7 Rc8 54.Rxe5 Rc7 55.Re6+ Kf7 56.Rf6+ Kg7
57.e5 Re7 58.e6 Kg8 59.f4 Kg7 60.f5 Kg8 61.Bc5 Re8 62.e7 Kg7 63.Rf8 Rxe7 64.Bxe7
h6 65.gxh6+ Kxh6 66.Rg8 Kh7 67.Rg3 Kh8 68.f6 Kh7 69.f7 Kh6 70.f8=Q+ Kh5 71.Qh8#  1-0

[Event "Panamericano de Ajedrez Sub 20"]
[Site "Cali"]
[Date "2010.05.23"]
[Round "6"]
[Board "9"]
[White "Mencos, Claudia"]
[Black "Chavez, Diana Maria"]
[Result "1-0"]
[WhiteElo "1925"]
[BlackElo "1834"]
[PlyCount "107"]
[EventDate "2010.05.20"]
[EventRounds "9"]
[EventCountry "COL"]

1.e4 c5 2.Nf3 Nc6 3.d4 cxd4 4.Nxd4 Nf6 5.Nc3 g6 6.Be2 Bg7 7.Nb3 O-O 8.O-O d6
9.Bg5 a6 10.a4 Be6 11.Kh1 Qc8 12.f4 Rd8 13.a5 d5 14.e5 d4 15.Na4 Nd5 16.Qd2 Qc7
17.Nac5 Ne3 18.Rg1 Bxb3 19.Nxb3 f6 20.exf6 exf6 21.Bh4 Qxf4 22.Bg3 Qf5 23.Bd3
Qc8 24.Rae1 Bh6 25.Qf2 Ng4 26.Qf3 Be3 27.Rgf1 f5 28.c3 Nce5 29.Bxe5 Nxe5 30.Qd1
Nc4 31.Nxd4 Bxd4 32.cxd4 Nxa5 33.Qa4 Qc7 34.Rc1 Qb6 35.Rc5 Nc6 36.Qc4+ Kh8 37.d5
Nb4 38.Qc3+ Kg8 39.Rc7 Qxc7 40.Qxc7 Nxd3 41.d6 b5 42.b3 Rac8 43.Qb6 Ra8 44.Kg1
Ne5 45.Rd1 Nd7 46.Qd4 a5 47.Qd5+ Kh8 48.Qxb5 Kg7 49.Re1 Kf8 50.Qd5 Nf6 51.Qe5
Ne4 52.Qh8+ Kf7 53.Qxh7+ Kf6 54.Qe7#  1-0

[Event "Panamericano de Ajedrez Sub 20"]
[Site "Cali"]
[Date "2010.05.23"]
[Round "6"]
[Board "11"]
[White "Garcia, Linda Alexandra"]
[Black "Barba, Deina Alexandra"]
[Result "1-0"]
[WhiteElo "1612"]
[BlackElo "1701"]
[PlyCount "66"]
[EventDate "2010.05.20"]
[EventRounds "9"]
[EventCountry "COL"]

1.e4 c5 2.Nc3 Nc6 3.f4 d6 4.Nf3 Bg4 5.Bc4 e6 6.d3 Nd4 7.Be3 Bxf3 8.gxf3 Qh4+
9.Kd2 Qh3 10.Bxd4 cxd4 11.Nb5 Kd7 12.Nxd4 Qh4 13.Ne2 Qf2 14.Qf1 Qc5 15.Nc3 a6
16.a4 Nf6 17.Qg1 Qh5 18.Qb6 Kc8 19.Raf1 Qc5 20.Qxc5+ dxc5 21.Rhg1 g6 22.e5 Nh5
23.Ke3 Bh6 24.Rg4 Nxf4 25.Rxf4 Bxf4+ 26.Kxf4 Kd7 27.Ne4 h6 28.Nxc5+ Kc6 29.Ne4
b5 30.axb5+ axb5 31.Bb3 g5+ 32.Ke3 b4 33.Rg1 Rhf8 {ilegible}  1-0

[Event "Panamericano de Ajedrez Sub 20"]
[Site "Cali"]
[Date "2010.05.24"]
[Round "7"]
[Board "1"]
[White "Salazar, Aura Cristina"]
[Black "Orozco, Lina Yomayra"]
[Result "1/2-1/2"]
[WhiteElo "2135"]
[BlackElo "2081"]
[PlyCount "75"]
[EventDate "2010.05.20"]
[EventRounds "9"]
[EventCountry "COL"]

1.e4 c5 2.Nf3 e6 3.b3 Nc6 4.g3 d5 5.exd5 Qxd5 6.Bg2 Nf6 7.O-O Be7 8.Bb2 Qd8
9.Qe2 O-O 10.Na3 a6 11.Nc4 Ra7 12.Nce5 Bd7 13.Rad1 Qc8 14.d4 b6 15.c4 cxd4
16.Bxd4 Nxd4 17.Nxd4 Rc7 18.Nxd7 Rxd7 19.Nc6 Rc7 20.Nxe7+ Rxe7 21.Rd6 Qc5 22.Rc6
Qa5 23.Rd1 Rd7 24.Rxd7 Nxd7 25.Rd6 Nc5 26.h4 h6 27.h5 Qb4 28.Qd1 a5 29.Bf3 a4
30.Rd8 Rxd8 31.Qxd8+ Kh7 32.Qc7 axb3 33.Qxf7 b2 34.Qg6+ Kg8 35.Qe8+ Kh7 36.Qg6+
Kg8 37.Qe8+ Kh7 38.Qg6+  1/2-1/2